00437pam a2200169 a 4500001000800000005001700008008004100025010001700066020002500083040001800108041000800126080001400134082001800148100000600166101000800172245008700180292888920180126072421.0891130s1990 nyua 000 0 eng  a 89071017  a0136845495 :c$40.00 aDLCcDLCdDLC aeng a610 dou00a610 dou220 a3 ashm04aThe Power to heal :c[compiled by] Rick Smolan, Phillip Moffitt, Matthew Naythons.